Ako predchádzať dôsledkom cenovej kontroly v podnikaní
Kontrola cien ako nástroj poznania o cenách. Nové ponímanie cenovej kontroly. Právna úprava cenovej kontroly. Porušovanie cenovej disciplíny. Nutnosť rešpektovania pravidiel sebaochrany spotrebiteľa v obchodníckej činnosti. Kontrolný mechanizmus a jeho inštitucionálne zabezpečenie.
Gespeichert in:
| 1. Verfasser: | |
|---|---|
| Format: | Buch |
| Sprache: | Slowakisch |
| Schlagworte: | |
| Tags: |
Keine Tags, Fügen Sie das erste Tag hinzu!
|
MARC
| LEADER | 00000nam a2200000 4500 | ||
|---|---|---|---|
| 001 | r030800 | ||
| 005 | 20230809081207.5 | ||
| 041 | 0 | |a slo | |
| 044 | |a SK | ||
| 245 | 1 | 0 | |a Ako predchádzať dôsledkom cenovej kontroly v podnikaní |c Michal Oláh |
| 520 | |a Kontrola cien ako nástroj poznania o cenách. Nové ponímanie cenovej kontroly. Právna úprava cenovej kontroly. Porušovanie cenovej disciplíny. Nutnosť rešpektovania pravidiel sebaochrany spotrebiteľa v obchodníckej činnosti. Kontrolný mechanizmus a jeho inštitucionálne zabezpečenie. | ||
| 610 | 2 | 0 | |a kontrola cenová |
| 610 | 2 | 0 | |a predpisy cenové |
| 610 | 2 | 0 | |a disciplína cenová |
| 610 | 2 | 0 | |a obchodníci |
| 610 | 2 | 0 | |a trh |
| 610 | 2 | 0 | |a ochrana spotrebiteľa |
| 610 | 2 | 0 | |a legislatíva |
| 610 | 2 | 0 | |a predpisy právne |
| 610 | 2 | 0 | |a orgány štátne |
| 100 | 1 | |a Oláh, Michal | |